00415nas a22001337a 4500008004100000022001300041245007800054260006300132300000900195310001800204546002300222650001500245650002100260120705t19979999ag ||||| |||| 00| 0 spa d a15156761 aBioquímica y Patología ClínicacAsociación Bioquímica Argentina aBuenos Aires :bAsociación Bioquímica Argentina,c1997 av. : acuatrimestral aTexto en español aBIOQUIMICA aMEDICINA INTERNA